LIBRARY & INFORMATION CENTRE, KCAET, TAVANUR

ONLINE PUBLIC ACCESS CATALOGUE (OPAC)

Elements of Civil and Mechanical Engineering (Record no. 14499)

MARC details
000 -LEADER
fixed length control field 00348nam a22001337a 4500
020 ## - INTERNATIONAL STANDARD BOOK NUMBER
ISBN 9788125915461
082 ## - DEWEY DECIMAL CLASSIFICATION NUMBER
Classification number 621.13
Item number JAY/EL
100 ## - MAIN ENTRY--AUTHOR NAME
Personal name Jayagopal,L.S
100 ## - MAIN ENTRY--AUTHOR NAME
Personal name Rudramoorthy,R
245 ## - TITLE STATEMENT
Title Elements of Civil and Mechanical Engineering
260 ## - PUBLICATION, DISTRIBUTION, ETC. (IMPRINT)
Place of publication Noida
Name of publisher Vikas Publishing House Pvt. Ltd
Year of publication 2010
300 ## - PHYSICAL DESCRIPTION
Number of Pages 345
942 ## - ADDED ENTRY ELEMENTS (KOHA)
Koha item type Books
Holdings
Withdrawn status Lost status Damaged status Collection code Home library Current library Shelving location Date acquired Source of acquisition Cost, normal purchase price Full call number Accession Number Koha item type
        KAUAET KAUAET General Stacks 11/07/2016 Aman Book Stall, Calicut 250.00 621.13 JAY/EL 24951 Books
        KAUAET KAUAET General Stacks 11/07/2016 Aman Book Stall, Calicut 250.00 621.13 JAY/EL 24952 Books
free website counter